Datum a čas kvízu
29
Celkem bodů
Celkový počet nahraných bodů na tomto kvízu bez doplňovacích otázek.
8.
Pořadí na kvízu
Konečné umístění týmu na tomto kvízu.
Zaznamenané odpovědi
| # | Otázka | Odpověď | Body | Výsledky |
|---|---|---|---|---|
| 1. | V Olomouci se objevil případ m... | na sušáku na prádlo (na klepači na koberce) | 0 | |
| 2. | Který ze členů britské královs... | princ Andrew | 1 | |
| 3. | Jak si říká anglický zpěvák, k... | Yungblud | 1 | |
| 4. | Velký průlom v regenerativní m... | krev | 0 | |
| 5. | Při pokračování kvalifikace fo... | D) krysa | 1 | |
| 6. | Napište jméno pouště na obrázk... | Namib (Namibská poušť) | 0 | |
| 7. | Uveďte, kterým čtyřpísmenným p... | vádí | 0 | |
| 8. | Vyberte, se kterým živočichem... | B | 0 | |
| 9. | Vojáci Československého pěšího... | Tobruk | 1 | |
| 10. | Který spisovatel je autorem vě... | Frank Herbert | 1 |